Heroes in fact and fable : (Registro nro. 11734)

Detalles MARC
000 -LIDER
fixed length control field 00614nam a22001937a 4500
001 - NÚMERO DE CONTROL
Identificador de número de control 000624
003 - IDENTIFICACDOR DE NÚMERO DE CONTROL
control field DO-SdBNP
005 - DATE AND TIME OF LATEST TRANSACTION
control field 20180126113014.0
007 - CAMPOS FIJOS DE DESCRIPCIÓN FÍSICA
fixed length control field 000624
008 - ELEMENTOS DE LONGITUD FIJA
fixed length control field 161031b 1964 pr a ||||| |||| 00| 0 spa d
040 ## - FUENTE DE CATALOGACIÓN
Agencia que crea de manera original el registro BPMSU
Idioma de catalogación spa
Agencia que realiza la transcripción BPMSU
082 ## - NÚMERO DE CLASIFICACIÓN DECIMAL DE DEWEY
Classification number xxxx
Item number xxxx
245 00 - MENCIÓN DE TITULO
Título Heroes in fact and fable :
Subtítulo graded reading in English as a second language.
Mención de responsabilidad Puerto Rico. Department of Education.
260 ## - PUBLICACIÓN, DISTRIBUCIÓN, ETC. (PIE DE IMPRENTA)
Lugar de publicación, distribución, etc [Boston] :
Nombre del editor, distribuidor, etc. Ginn & Co.,
Fecha de publicación, distribución, etc 1964.
300 ## - DESCRIPCIÓN FÍSICA
Extensión 335 p. :
Otros detalles físicos il. ;
Dimensiones 23 cm.
942 ## - ADDED ENTRY ELEMENTS (KOHA)
Source of classification or shelving scheme Dewey Decimal Classification
Koha item type Libros
945 ## - INFORMACIÓN DE PROCESAMIENTO LOCAL
Información de procesamiento local Inventariado extranjero / 2018 VM
956 ## - LOCAL ELECTRONIC LOCATION AND ACCESS (OCLC)
Método de acceso LOPEREZ
Materiales especificados 10
Enlace 20161031
Campo enlazado y núm. de secuencia BPMSU
Nombre de host 00041
Existencias
Withdrawn status Lost status Source of classification or shelving scheme Damaged status Not for loan Collection code Home library Current library Date acquired Source of acquisition Total Checkouts Full call number Barcode Date last seen Price effective from Koha item type
    Dewey Decimal Classification     Colección Juvenil General Biblioteca Pública Metropolitana Salomé Ureña Biblioteca Pública Metropolitana Salomé Ureña 10/31/2016 Donación   xxxx xxxx BPMESU16100449 10/31/2016 10/31/2016 Libros